[Event "ch-FRA Blitz Online Final"]
[Site "Europe-Chess INT"]
[Date "2020.05.17"]
[Round "1.1"]
[White "Maze, Sebastien"]
[Black "Vedmediuc, Serghei"]
[Result "0-1"]
[WhiteTitle "GM"]
[BlackTitle "IM"]
[WhiteElo "2557"]
[BlackElo "2464"]
[WhiteFideId "613762"]
[BlackFideId "13900790"]
[EventDate "2020.05.17"]

1. d4 g6 2. Nf3 Bg7 3. c3 d6 4. Bf4 Nf6 5. h3 O-O 6. e3 b6 7. Nbd2 Bb7 8. a4 a6
9. Be2 Nbd7 10. O-O Qe8 11. Bh2 e6 12. Re1 Qe7 13. Bf1 e5 14. e4 Nh5 15. dxe5
dxe5 16. Nc4 Rad8 17. Qc2 Nf4 18. b4 Qf6 19. Nfd2 h5 20. Ne3 Bh6 21. g3 Ne6 22.
Nd5 Qg7 23. Nc4 Nf6 24. Nxe5 Nxd5 25. exd5 Bxd5 26. Bg2 Bxg2 27. Kxg2 Qf6 28.
Rad1 Rxd1 29. Qxd1 Rd8 30. Qf3 Bg7 31. g4 hxg4 32. hxg4 Rd2 33. Qxf6 Bxf6 34.
Bg3 Ra2 35. Rd1 Rxa4 36. Rd7 Bxe5 37. Bxe5 a5 38. f4 axb4 39. cxb4 Rxb4 40. Re7
Kf8 41. Rd7 Nxf4+ 42. Kf3 Ne6 43. Bf6 Rf4+ 0-1

[Event "ch-FRA Blitz Online Final"]
[Site "Europe-Chess INT"]
[Date "2020.05.17"]
[Round "1.2"]
[White "Vedmediuc, Serghei"]
[Black "Maze, Sebastien"]
[Result "0-1"]
[WhiteTitle "IM"]
[BlackTitle "GM"]
[WhiteElo "2464"]
[BlackElo "2557"]
[WhiteFideId "13900790"]
[BlackFideId "613762"]
[EventDate "2020.05.17"]

1. e4 c5 2. Nf3 Nc6 3. Nc3 g6 4. d4 cxd4 5. Nxd4 Bg7 6. Be3 Nf6 7. Bc4 Qa5 8.
O-O O-O 9. Bb3 d6 10. h3 Bd7 11. Nf3 Qh5 12. Re1 h6 13. Qe2 g5 14. Nd4 Qxe2 15.
Rxe2 Na5 16. f3 Rfc8 17. Rd1 Nc4 18. Bc1 Kf8 19. Nd5 Nxd5 20. exd5 a5 21. a4 Nb6
22. Nb5 Bxb5 23. axb5 a4 24. Ba2 Rc5 25. Be3 Rxb5 26. c4 Rb4 27. Bxb6 Rxb6 28.
Rdd2 Ra5 29. Rc2 Rb4 30. g3 Bd4+ 31. Kg2 Ra6 32. f4 gxf4 33. gxf4 Rab6 34. Kf3
Rxb2 35. Rxb2 Bxb2 36. Ke4 Bf6 37. Kd3 a3 38. Rg2 h5 39. Re2 h4 40. Rg2 Rb4 41.
Re2 b5 42. cxb5 Rxb5 43. Bc4 Rb1 44. Kc2 Rh1 45. Re3 Rh2+ 46. Kb3 Rf2 47. Kxa3
Rxf4 48. Kb3 Be5 49. Rd3 Rf2 50. Re3 Kg7 51. Bd3 f5 52. Bc2 f4 53. Re1 Rf3+ 54.
Ka2 Rxh3 0-1

[Event "ch-FRA Blitz Online Final"]
[Site "Europe-Chess INT"]
[Date "2020.05.17"]
[Round "1.3"]
[White "Maze, Sebastien"]
[Black "Vedmediuc, Serghei"]
[Result "1-0"]
[WhiteTitle "GM"]
[BlackTitle "IM"]
[WhiteElo "2557"]
[BlackElo "2464"]
[WhiteFideId "613762"]
[BlackFideId "13900790"]
[EventDate "2020.05.17"]

1. e4 c6 2. d4 d5 3. exd5 cxd5 4. c3 Nf6 5. Bf4 Nc6 6. Nd2 a6 7. Ngf3 Bf5 8. Ne5
Nxe5 9. dxe5 Nd7 10. g4 Bg6 11. h4 h5 12. e6 fxe6 13. Nf3 hxg4 14. Bd3 Bf7 15.
Ne5 Nxe5 16. Bxe5 Rh5 17. Qe2 Qa5 18. O-O-O Qxa2 19. Rhe1 g6 20. Qxg4 Bh6+ 21.
Kc2 Rf5 22. Bxf5 exf5 23. Qb4 Qc4 24. Qxc4 dxc4 25. Bf6 Bf8 26. Re5 Rd8 27.
Rxd8+ Kxd8 28. Bg5 Kd7 29. f4 e6 30. Re2 Bd6 31. Kd2 Kc6 32. Ke3 Bc5+ 33. Kf3 a5
34. Bf6 a4 35. Rd2 a3 36. bxa3 Bxa3 37. Rd8 Bd6 38. Be5 Be7 39. Rc8+ Kd7 40.
Rxc4 Bxh4 41. Rc7+ Ke8 42. Rxb7 g5 43. c4 Bh5+ 44. Ke3 Bg3 45. c5 gxf4+ 46. Bxf4
Bxf4+ 47. Kxf4 Kd8 48. Ke5 f4 49. Kxf4 Kc8 50. Rg7 Be2 51. Ke5 Bc4 52. Kd6 Bd5
53. c6 Kb8 54. Rg8+ 1-0

[Event "ch-FRA Blitz Online Final"]
[Site "Europe-Chess INT"]
[Date "2020.05.17"]
[Round "1.1"]
[White "Ioannidis, Evgenios"]
[Black "Safarli, Eltaj"]
[Result "0-1"]
[WhiteTitle "IM"]
[BlackTitle "GM"]
[WhiteElo "2401"]
[BlackElo "2598"]
[WhiteFideId "4229274"]
[BlackFideId "13402129"]
[EventDate "2020.05.17"]

1. d4 Nf6 2. c4 e6 3. Nc3 Bb4 4. Nf3 b6 5. e3 O-O 6. Bd3 d5 7. cxd5 exd5 8. Bd2
Bb7 9. Rc1 a6 10. O-O Nbd7 11. Ne5 c5 12. f4 b5 13. Be1 cxd4 14. exd4 Qb6 15.
Kh1 Bxc3 16. Nxd7 Nxd7 17. Rxc3 Nf6 18. Bb1 Ne4 19. Bxe4 dxe4 20. Bh4 Rac8 21.
Rg3 f5 22. Be7 Rf7 23. Bc5 Qe6 24. a3 Bd5 25. Qd2 Rc6 26. Re1 h6 27. b4 Kh7 28.
Rc3 Rf6 29. Qc2 Rg6 30. Re2 e3 31. Qd3 Rc8 32. Qxe3 Be4 33. Qg1 Re8 34. Rce3 Qc4
35. Re1 Bxg2+ 36. Qxg2 Rxg2 37. Kxg2 Qc2+ 38. Kg3 Re4 39. Rxe4 fxe4 40. d5 Qd3+
41. Re3 Qxd5 42. h4 Kg6 43. Kg4 Qd1+ 44. Kg3 Kf5 45. Kh3 Qg4+ 0-1

[Event "ch-FRA Blitz Online Final"]
[Site "Europe-Chess INT"]
[Date "2020.05.17"]
[Round "1.2"]
[White "Safarli, Eltaj"]
[Black "Ioannidis, Evgenios"]
[Result "1-0"]
[WhiteTitle "GM"]
[BlackTitle "IM"]
[WhiteElo "2598"]
[BlackElo "2401"]
[WhiteFideId "13402129"]
[BlackFideId "4229274"]
[EventDate "2020.05.17"]

1. e4 c5 2. Nc3 Nc6 3. Bb5 Nd4 4. Nf3 a6 5. Bd3 g6 6. Nxd4 cxd4 7. Ne2 d5 8.
exd5 Qxd5 9. O-O Bg7 10. c3 Bd7 11. Qb3 Bc6 12. Qxd5 Bxd5 13. Nxd4 Bxd4 14. cxd4
O-O-O 15. b3 Bc6 16. Re1 e6 17. Bb2 Bd5 18. Rac1+ Kb8 19. Ba3 Rd7 20. Bf8 Ne7
21. Bg7 Rhd8 22. Bf6 Rc8 23. Be5+ Ka7 24. Rxc8 Nxc8 25. Rc1 Ne7 26. f3 Nc6 27.
Bf6 Nb4 28. Bb1 Bc6 29. Be4 Bxe4 30. fxe4 Nxa2 31. Rc4 b5 32. Rc8 Nb4 33. Kf2
Kb7 34. Rh8 h5 35. Ke3 Nc2+ 36. Kd3 Ne1+ 37. Ke2 Nxg2 38. Be5 Nh4 39. Bf6 Ng2
40. Be5 Nh4 41. Bf6 g5 42. Rxh5 Ng6 43. Rxg5 Nf4+ 44. Ke3 Ng6 45. Rg1 Rc7 46. h4
Nf8 47. Rg7 1-0

[Event "ch-FRA Blitz Online Final"]
[Site "Europe-Chess INT"]
[Date "2020.05.17"]
[Round "1.1"]
[White "Mamedov, Rauf"]
[Black "Guseinov, Gadir"]
[Result "1-0"]
[WhiteTitle "GM"]
[BlackTitle "GM"]
[WhiteElo "2654"]
[BlackElo "2665"]
[WhiteFideId "13401653"]
[BlackFideId "13401378"]
[EventDate "2020.05.17"]

1. e4 c5 2. Nf3 g6 3. g3 Bg7 4. Bg2 Nc6 5. O-O Nf6 6. Nc3 O-O 7. d3 d6 8. a4 Bg4
9. h3 Bxf3 10. Bxf3 Nd7 11. Bg2 Nd4 12. Ne2 Nxe2+ 13. Qxe2 Ne5 14. c3 Rb8 15. f4
Nc6 16. Be3 a6 17. h4 Qc7 18. h5 b5 19. axb5 axb5 20. hxg6 fxg6 21. Bh3 b4 22.
Rac1 bxc3 23. bxc3 Nd8 24. d4 cxd4 25. cxd4 Qb6 26. e5 Qb5 27. Qxb5 Rxb5 28. Rc7
e6 29. exd6 Rd5 30. Rd7 Bxd4 31. Bxd4 Rxd4 32. Re1 Re8 33. f5 e5 34. f6 Nf7 35.
Re7 Rd8 36. Be6 Rf8 37. d7 Rd6 38. Rxe5 h6 39. Rc5 1-0

[Event "ch-FRA Blitz Online Final"]
[Site "Europe-Chess INT"]
[Date "2020.05.17"]
[Round "1.2"]
[White "Guseinov, Gadir"]
[Black "Mamedov, Rauf"]
[Result "1/2-1/2"]
[WhiteTitle "GM"]
[BlackTitle "GM"]
[WhiteElo "2665"]
[BlackElo "2654"]
[WhiteFideId "13401378"]
[BlackFideId "13401653"]
[EventDate "2020.05.17"]

1. e4 e5 2. Nf3 d6 3. d4 exd4 4. Nxd4 Nf6 5. Nc3 g6 6. g3 Bg7 7. Bg2 O-O 8. O-O
Nbd7 9. Re1 a6 10. h3 Re8 11. f4 Rb8 12. Be3 c5 13. Nde2 b5 14. Qxd6 b4 15. e5
bxc3 16. Nxc3 Rxb2 17. exf6 Qxf6 18. Qxf6 Bxf6 19. Nd5 Rxc2 20. Nxf6+ Nxf6 21.
Rad1 Be6 22. a4 Rb8 23. Rc1 Rxc1 24. Rxc1 c4 25. a5 Nd5 26. Bd4 Rb5 27. Bf1 Rxa5
28. Bxc4 Ra4 29. Be5 Nxf4 30. Rd1 f6 31. gxf4 Rxc4 32. Bxf6 Rxf4 33. Bg5 Rf5 34.
h4 Rd5 35. Rb1 Rb5 36. Rd1 Rd5 37. Rb1 Rb5 38. Rd1 Rd5 1/2-1/2

[Event "ch-FRA Blitz Online Final"]
[Site "Europe-Chess INT"]
[Date "2020.05.17"]
[Round "1.1"]
[White "Bailet, Pierre"]
[Black "Bauer, Christian"]
[Result "0-1"]
[WhiteTitle "IM"]
[BlackTitle "GM"]
[WhiteElo "2500"]
[BlackElo "2623"]
[WhiteFideId "655830"]
[BlackFideId "603767"]
[EventDate "2020.05.17"]

1. e4 Nc6 2. Nf3 d6 3. d4 Nf6 4. Nc3 g6 5. Be2 Bg7 6. O-O O-O 7. Re1 a6 8. a4 e5
9. dxe5 dxe5 10. Be3 h6 11. h3 Be6 12. Nd2 Nd4 13. Bc4 Qd7 14. Bxe6 Qxe6 15. Nb3
Rfd8 16. Qc1 Kh7 17. Bxd4 exd4 18. Ne2 Qxe4 19. Nexd4 Qd5 20. Nf3 Nh5 21. Rd1
Qc4 22. Nbd2 Qc6 23. Nf1 Rxd1 24. Qxd1 Bxb2 25. Rb1 Bg7 26. Ne3 Nf4 27. Rb4 Ne6
28. Rc4 Qe8 29. Nd5 Rd8 0-1

[Event "ch-FRA Blitz Online Final"]
[Site "Europe-Chess INT"]
[Date "2020.05.17"]
[Round "1.2"]
[White "Bauer, Christian"]
[Black "Bailet, Pierre"]
[Result "1/2-1/2"]
[WhiteTitle "GM"]
[BlackTitle "IM"]
[WhiteElo "2623"]
[BlackElo "2500"]
[WhiteFideId "603767"]
[BlackFideId "655830"]
[EventDate "2020.05.17"]

1. d4 Nf6 2. Bf4 d6 3. Nc3 Nbd7 4. Nf3 g6 5. e4 Bg7 6. h3 O-O 7. Be2 a6 8. e5
Ne8 9. O-O c5 10. dxc5 Nxc5 11. Re1 Bf5 12. exd6 Nxd6 13. Bf1 Nde4 14. Nxe4 Bxe4
15. c3 Qxd1 16. Raxd1 Bxf3 17. gxf3 Ne6 18. Be3 Rfd8 19. Bb6 Rd6 20. Rxd6 exd6
21. Bc4 Be5 22. Bxe6 fxe6 23. f4 Bxf4 24. Rxe6 Rf8 25. Bd4 Rf5 26. Re7 Rf7 27.
Re8+ Rf8 28. Re7 Rf7 29. Re8+ Rf8 30. Re7 Rf7 1/2-1/2

[Event "ch-FRA Blitz Online Final"]
[Site "Europe-Chess INT"]
[Date "2020.05.17"]
[Round "1.1"]
[White "Piorun, Kacper"]
[Black "Firouzja, Alireza"]
[Result "1-0"]
[WhiteTitle "GM"]
[BlackTitle "GM"]
[WhiteElo "2601"]
[BlackElo "2728"]
[WhiteFideId "1130420"]
[BlackFideId "12573981"]
[EventDate "2020.05.17"]

1. d4 Nf6 2. c4 e6 3. Nc3 Bb4 4. e3 O-O 5. Bd2 d5 6. Nf3 b6 7. cxd5 exd5 8. Rc1
a6 9. Bd3 Bb7 10. O-O Bd6 11. Ne5 c5 12. Be1 Nc6 13. f4 cxd4 14. Nxc6 Bxc6 15.
exd4 Bb4 16. Bh4 Re8 17. Ne2 Bd7 18. Ng3 Be7 19. Re1 Ng4 20. Bxe7 Rxe7 21. Qf3
Rxe1+ 22. Rxe1 Nf6 23. Nh5 Bc6 24. Nxf6+ Qxf6 25. Re5 g6 26. Qe3 a5 27. g3 Qd6
28. a3 b5 29. f5 Bd7 30. Qf3 Bc6 31. Qf4 Rd8 32. f6 b4 33. axb4 axb4 34. h4 Bd7
35. h5 Be6 36. hxg6 fxg6 37. Qh6 Rd7 38. Bxg6 hxg6 39. Qxg6+ Kf8 40. Rh5 Bg8 41.
Qh6+ Ke8 42. Re5+ Kd8 43. Qh8 Kc7 44. Qxg8 Qxf6 45. Qg4 Rf7 46. Qe2 Qg6 47. Re7+
Rxe7 48. Qxe7+ Kc6 49. Qc5+ Kd7 50. Qxd5+ Ke7 51. Qb7+ Kd8 52. Qd5+ Ke7 53. Qe5+
Kd7 54. Kf2 Qd3 55. Qd5+ Ke8 56. Qa8+ Kd7 57. Qb7+ Ke6 58. Qxb4 Qc2+ 59. Ke3
Qc1+ 60. Kd3 Qg1 61. Qb6+ Kd7 62. Qa7+ Kd6 63. Qc5+ Kd7 64. Qe5 Qb1+ 65. Ke3
Qxb2 66. Kf4 Qd2+ 67. Kf5 Qd3+ 68. Kg5 Qd2+ 69. Qf4 Qc2 70. Qf5+ 1-0

[Event "ch-FRA Blitz Online Final"]
[Site "Europe-Chess INT"]
[Date "2020.05.17"]
[Round "1.2"]
[White "Firouzja, Alireza"]
[Black "Piorun, Kacper"]
[Result "0-1"]
[WhiteTitle "GM"]
[BlackTitle "GM"]
[WhiteElo "2728"]
[BlackElo "2601"]
[WhiteFideId "12573981"]
[BlackFideId "1130420"]
[EventDate "2020.05.17"]

1. d4 Nf6 2. c4 e6 3. Nf3 d5 4. Nc3 Bb4 5. cxd5 exd5 6. Bf4 c6 7. Qb3 Qb6 8. h3
Bf5 9. e3 h6 10. Nd2 Nbd7 11. Be2 O-O 12. O-O Be7 13. Rfc1 Rfc8 14. Na4 Qxb3 15.
Nxb3 a5 16. g4 Bg6 17. Nbc5 b5 18. Nxd7 Nxd7 19. Nc3 a4 20. a3 Nb6 21. f3 Nc4
22. Bxc4 bxc4 23. e4 Bf6 24. Rd1 Rd8 25. Be3 Rd7 26. Rd2 Bd8 27. e5 Rb7 28. f4
Bd3 29. Rf2 f5 30. Kg2 Kf7 31. Kg3 Ke6 32. Rc1 Rb3 33. Rd1 Be7 34. Rc1 Bd8 35.
Kh2 Ra7 36. Rg2 g6 37. Kg3 Kf7 38. Rh2 Ke6 39. h4 h5 40. gxh5 gxh5 41. Kh3 Rbb7
42. Rg1 Rg7 43. Rg5 Bxg5 44. hxg5 Kf7 45. Kh4 Kg6 46. Bc1 Rge7 47. Na2 Rec7 48.
Nb4 Be4 49. Be3 Rab7 50. Na6 Re7 51. Nc5 Rb5 52. Nxa4 Rb3 53. Nc3 Rd7 54. Rd2
Rc7 55. Kg3 Rcb7 56. Nd1 c3 57. Nxc3 Rxb2 58. Rxb2 Rxb2 59. Na4 Rg2+ 60. Kh3 Ra2
61. Bc1 Ra1 62. Bb2 Rb1 63. e6 Bc2 64. Nc5 Rxb2 65. Nd7 Bb1 66. Ne5+ Kg7 67. e7
Rb8 68. a4 Re8 69. Nxc6 Bc2 70. a5 Ba4 71. Nb4 Rxe7 72. Nxd5 Rd7 73. Nf6 Rxd4
74. Kg3 Bc6 75. Nxh5+ Kg6 76. Nf6 Ra4 77. Ng8 Ra3+ 78. Kh4 Be4 79. Ne7+ Kf7 80.
Nc8 Rxa5 81. Nd6+ Kg6 82. Nc4 Ra1 83. Ne5+ Kg7 84. g6 Rg1 85. Kh5 Rh1+ 86. Kg5
Rh6 0-1

[Event "ch-FRA Blitz Online Final"]
[Site "Europe-Chess INT"]
[Date "2020.05.17"]
[Round "1.1"]
[White "Delorme, Alban"]
[Black "Jobava, Baadur"]
[Result "0-1"]
[WhiteTitle "FM"]
[BlackTitle "GM"]
[WhiteElo "2322"]
[BlackElo "2603"]
[WhiteFideId "623636"]
[BlackFideId "13601520"]
[EventDate "2020.05.17"]

1. d4 d5 2. Nf3 c6 3. g3 Nf6 4. Bg2 Bg4 5. O-O e6 6. c4 Nbd7 7. Ne5 Nxe5 8. dxe5
Nd7 9. cxd5 exd5 10. h3 Bf5 11. f4 f6 12. Nc3 fxe5 13. fxe5 Bc5+ 14. Kh2 O-O 15.
e4 dxe4 16. Nxe4 Bxe4 17. Bxe4 Rxf1 18. Qxf1 Nxe5 19. Qf5 Qd4 20. Qxh7+ Kf8 21.
Be3 Qxb2+ 22. Bc2 Bxe3 23. Rf1+ Ke7 24. Qxg7+ Kd6 25. Rd1+ Kc5 26. Qe7+ Kc4 27.
Qe6+ Kc3 28. Qxe5+ Kxc2 0-1

[Event "ch-FRA Blitz Online Final"]
[Site "Europe-Chess INT"]
[Date "2020.05.17"]
[Round "1.2"]
[White "Jobava, Baadur"]
[Black "Delorme, Alban"]
[Result "1/2-1/2"]
[WhiteTitle "GM"]
[BlackTitle "FM"]
[WhiteElo "2603"]
[BlackElo "2322"]
[WhiteFideId "13601520"]
[BlackFideId "623636"]
[EventDate "2020.05.17"]

1. d4 d5 2. c4 e6 3. Nc3 Nf6 4. Bg5 Be7 5. e3 Nbd7 6. Rc1 O-O 7. Nf3 b6 8. cxd5
exd5 9. Bd3 Bb7 10. O-O c5 11. Bf5 g6 12. Bxd7 Qxd7 13. dxc5 bxc5 14. Bxf6 Bxf6
15. Ne4 Qe7 16. Nxf6+ Qxf6 17. Rxc5 Qxb2 18. Qd4 Qxa2 19. Ne5 Qa6 20. Nd7 Rfc8
21. Nf6+ Kf8 22. Nxh7+ Ke7 23. Rfc1 Qd6 24. Rxc8 Rxc8 25. Rxc8 Bxc8 26. Qxa7+
Bd7 27. h4 f6 28. Qa8 Kf7 29. Qh8 Qe7 30. Ng5+ fxg5 31. Qh7+ Ke6 32. Qxg6+ Qf6
33. Qg8+ Qf7 34. Qxg5 Kd6 35. h5 Bf5 36. Qf4+ Ke6 37. g4 Bh7 38. Qxf7+ Kxf7 39.
f4 Ke6 40. Kf2 Be4 41. Kg3 Kf6 42. Kh4 Bd3 43. Kg3 Be4 44. Kh4 Bd3 45. Kg3 Be4 1/2-1/2

[Event "ch-FRA Blitz Online Final"]
[Site "Europe-Chess INT"]
[Date "2020.05.17"]
[Round "1.1"]
[White "Velten, Paul"]
[Black "Baklan, Vladimir"]
[Result "0-1"]
[WhiteTitle "GM"]
[BlackTitle "GM"]
[WhiteElo "2480"]
[BlackElo "2587"]
[WhiteFideId "681091"]
[BlackFideId "14102196"]
[EventDate "2020.05.17"]

1. Nf3 Nf6 2. c4 b6 3. d3 Bb7 4. e4 e6 5. Nc3 c5 6. e5 Ng8 7. Ne4 f5 8. Nc3 Ne7
9. h4 Nec6 10. Bg5 Qc8 11. h5 Nd4 12. Be2 Nbc6 13. Bf4 a6 14. a3 Qc7 15. O-O
Nxe2+ 16. Qxe2 Nd4 17. Nxd4 cxd4 18. Nb1 Be7 19. Nd2 g5 20. hxg6 hxg6 21. f3 g5
22. Bg3 O-O-O 23. b4 Rh7 24. f4 Rdh8 25. Kf2 gxf4 26. Bxf4 Rg7 27. Ke1 Rxg2 28.
Rf2 Bh4 0-1

[Event "ch-FRA Blitz Online Final"]
[Site "Europe-Chess INT"]
[Date "2020.05.17"]
[Round "1.2"]
[White "Baklan, Vladimir"]
[Black "Velten, Paul"]
[Result "1-0"]
[WhiteTitle "GM"]
[BlackTitle "GM"]
[WhiteElo "2587"]
[BlackElo "2480"]
[WhiteFideId "14102196"]
[BlackFideId "681091"]
[EventDate "2020.05.17"]

1. e4 e6 2. d4 d5 3. e5 c5 4. c3 Nc6 5. Nf3 Bd7 6. Be2 Nge7 7. Na3 Nf5 8. Nc2
Rc8 9. O-O cxd4 10. cxd4 Nb4 11. Ne3 Nxe3 12. fxe3 Be7 13. a3 Nc6 14. b4 O-O 15.
Bd3 g6 16. Ra2 b5 17. e4 dxe4 18. Bxe4 a5 19. bxa5 Nxa5 20. Bh6 Bc6 21. Bxf8
Bxf8 22. Bxc6 Rxc6 23. Qb1 Qd5 24. Rb2 Rb6 25. Qd3 Nc4 26. Rb3 Bh6 27. Rfb1 Kg7
28. a4 b4 29. Rxb4 Rxb4 30. Rxb4 Ne3 31. Qb1 Ng4 32. h3 Be3+ 33. Kf1 Nh6 34. Qb3
Qa5 35. Rb5 Qa6 36. Qxe3 Qxa4 37. Rb1 Nf5 38. Qd3 Qa2 39. Kg1 Ng3 40. Re1 Qa5
41. Qe3 Nf5 42. Qf2 1-0

[Event "ch-FRA Blitz Online Final"]
[Site "Europe-Chess INT"]
[Date "2020.05.17"]
[Round "2.1"]
[White "Mamedov, Rauf"]
[Black "Safarli, Eltaj"]
[Result "1-0"]
[WhiteTitle "GM"]
[BlackTitle "GM"]
[WhiteElo "2654"]
[BlackElo "2598"]
[WhiteFideId "13401653"]
[BlackFideId "13402129"]
[EventDate "2020.05.17"]

1. e4 g6 2. d4 Bg7 3. Nc3 c6 4. Nf3 d5 5. h3 dxe4 6. Nxe4 Nf6 7. Nxf6+ Bxf6 8.
Bc4 O-O 9. O-O Bg7 10. Re1 Nd7 11. c3 b6 12. a4 Bb7 13. Bg5 Nf6 14. a5 c5 15.
dxc5 Qc7 16. axb6 axb6 17. Rxa8 Bxa8 18. Ne5 bxc5 19. Nxf7 Rxf7 20. Qb3 e6 21.
Bxe6 Ne4 22. Be3 Qb7 23. Ra1 Nd6 24. Qxb7 Bxb7 25. Bxc5 Ne4 26. Be3 Kf8 27. Bxf7
Kxf7 28. Ra7 Nd6 29. Bf4 1-0

[Event "ch-FRA Blitz Online Final"]
[Site "Europe-Chess INT"]
[Date "2020.05.17"]
[Round "2.2"]
[White "Safarli, Eltaj"]
[Black "Mamedov, Rauf"]
[Result "1/2-1/2"]
[WhiteTitle "GM"]
[BlackTitle "GM"]
[WhiteElo "2598"]
[BlackElo "2654"]
[WhiteFideId "13402129"]
[BlackFideId "13401653"]
[EventDate "2020.05.17"]

1. e4 e5 2. Nf3 d6 3. d4 exd4 4. Nxd4 Nf6 5. Nc3 g6 6. g3 Bg7 7. Bg2 O-O 8. O-O
Re8 9. Re1 Nbd7 10. h3 a6 11. a4 Rb8 12. Bg5 h6 13. Bf4 Ne5 14. a5 c5 15. Nb3
Qc7 16. Qe2 Bd7 17. Nd2 Bc6 18. Nc4 Nxc4 19. Qxc4 Nd7 20. Red1 Ne5 21. Qe2 Rbd8
22. Nd5 Bxd5 23. Rxd5 Kh7 24. Kh2 Re6 25. h4 h5 26. Bh3 Ree8 27. Bg5 Rb8 28. Ra3
b5 29. axb6 Rxb6 30. Rxa6 Nf3+ 31. Kg2 Nxg5 32. hxg5 Rxe4 33. Qxe4 Rxa6 34. c3
Rb6 35. Rd2 Qb7 36. Qxb7 Rxb7 37. f4 d5 38. Bc8 Rb8 39. Bd7 d4 40. c4 Rb4 41.
Bb5 d3 42. Rxd3 Rxb2+ 43. Kf3 Bd4 44. Bc6 Kg7 45. Ke4 Re2+ 46. Kf3 Rf2+ 47. Ke4
Re2+ 48. Kd5 Re3 49. Rxe3 Bxe3 50. Ke4 Bf2 51. Kf3 Bd4 1/2-1/2

[Event "ch-FRA Blitz Online Final"]
[Site "Europe-Chess INT"]
[Date "2020.05.17"]
[Round "2.1"]
[White "Piorun, Kacper"]
[Black "Bauer, Christian"]
[Result "0-1"]
[WhiteTitle "GM"]
[BlackTitle "GM"]
[WhiteElo "2601"]
[BlackElo "2623"]
[WhiteFideId "1130420"]
[BlackFideId "603767"]
[EventDate "2020.05.17"]

1. d4 e6 2. e4 d5 3. Nc3 Nc6 4. Nf3 Nf6 5. Bd3 Nb4 6. e5 Nd7 7. Be2 c5 8. dxc5
Nc6 9. Bf4 Bxc5 10. O-O O-O 11. a3 a6 12. b4 Ba7 13. b5 axb5 14. Nxb5 Bb8 15. c4
Ndxe5 16. Nxe5 Nxe5 17. cxd5 exd5 18. Be3 Re8 19. Nc3 Be6 20. Bd4 Nc6 21. Bf3
Qh4 22. g3 Qxd4 23. Qc2 Be5 24. Nb5 Qc4 25. Qb1 Bxa1 26. Nd6 Qc3 27. Nxe8 Qxf3 0-1

[Event "ch-FRA Blitz Online Final"]
[Site "Europe-Chess INT"]
[Date "2020.05.17"]
[Round "2.2"]
[White "Bauer, Christian"]
[Black "Piorun, Kacper"]
[Result "1-0"]
[WhiteTitle "GM"]
[BlackTitle "GM"]
[WhiteElo "2623"]
[BlackElo "2601"]
[WhiteFideId "603767"]
[BlackFideId "1130420"]
[EventDate "2020.05.17"]

1. d4 f5 2. Bg5 h6 3. Bh4 g5 4. Bg3 f4 5. e3 e5 6. exf4 exf4 7. Qh5+ Ke7 8. Bxf4
gxf4 9. Qe5+ Kf7 10. Bc4+ Kg6 11. Bd3+ Kf7 12. Bc4+ d5 13. Bxd5+ Qxd5 14. Qxd5+
Kg7 15. Qe5+ Nf6 16. Qxc7+ Nbd7 17. Nc3 b6 18. O-O-O Ba6 19. Nf3 Bb4 20. Qxf4
Rac8 21. Ne5 Rhd8 22. Nd5 Bd6 23. Qg3+ Kf8 24. Ng6+ 1-0

[Event "ch-FRA Blitz Online Final"]
[Site "Europe-Chess INT"]
[Date "2020.05.17"]
[Round "2.1"]
[White "Baklan, Vladimir"]
[Black "Jobava, Baadur"]
[Result "1-0"]
[WhiteTitle "GM"]
[BlackTitle "GM"]
[WhiteElo "2587"]
[BlackElo "2603"]
[WhiteFideId "14102196"]
[BlackFideId "13601520"]
[EventDate "2020.05.17"]

1. e4 c6 2. d4 d5 3. e5 Bf5 4. Be2 e6 5. Nf3 Ne7 6. O-O h6 7. c3 Bh7 8. g3 Nd7
9. Na3 Nf5 10. Nc2 Be7 11. Nce1 O-O 12. Ng2 Re8 13. Bd3 Bf8 14. Qc2 c5 15. Qb1
cxd4 16. cxd4 g6 17. Bd2 Rc8 18. h4 Qb6 19. Bc3 Nb8 20. g4 Ne7 21. h5 Nbc6 22.
Nf4 Nb4 23. Bxb4 Qxb4 24. hxg6 Nxg6 25. Nxg6 fxg6 26. Bxg6 Rc7 27. Kg2 Rec8 28.
Bxh7+ Rxh7 29. Qg6+ Kh8 30. Rh1 Qe7 31. Rac1 Rxc1 32. Rxc1 Qf7 33. Nh4 Qe7 34.
Rc8 Rf7 35. Qh5 Kg8 36. Ng6 Qd7 37. Ra8 Kg7 38. Nxf8 Rxf8 39. Rxf8 Kxf8 40.
Qxh6+ Kg8 41. Qg6+ Kf8 42. Qf6+ Kg8 43. g5 1-0

[Event "ch-FRA Blitz Online Final"]
[Site "Europe-Chess INT"]
[Date "2020.05.17"]
[Round "2.2"]
[White "Jobava, Baadur"]
[Black "Baklan, Vladimir"]
[Result "1-0"]
[WhiteTitle "GM"]
[BlackTitle "GM"]
[WhiteElo "2603"]
[BlackElo "2587"]
[WhiteFideId "13601520"]
[BlackFideId "14102196"]
[EventDate "2020.05.17"]

1. d4 Nf6 2. c4 e6 3. Nc3 Bb4 4. e3 O-O 5. Bd3 c5 6. Ne2 cxd4 7. exd4 d5 8. cxd5
Nxd5 9. O-O Nc6 10. Nxd5 exd5 11. Be3 Bd6 12. Nc3 Be6 13. Rc1 Rc8 14. Re1 Re8
15. g3 h6 16. Bf1 Bc7 17. Bg2 Bb6 18. Na4 Qd7 19. Nxb6 axb6 20. Qb3 Na5 21. Qxb6
Nc4 22. Qb4 Bh3 23. Bxh3 Qxh3 24. Bf4 g5 25. Bd6 Qd7 26. Be7 Rc6 27. b3 Rb6 28.
Qc3 Rxe7 29. bxc4 dxc4 30. Qxc4 Rc6 31. Qb4 Rxc1 32. Rxc1 Re4 33. Rd1 Qd5 34. a4
Kg7 35. a5 Re2 36. Qc3 Qf5 37. d5+ Kg8 38. Qd4 Qf3 39. Rc1 Re4 40. Qd2 Re2 41.
Qd4 Re4 42. Qb6 Re5 43. Qxh6 Qf5 44. d6 Rd5 45. Re1 f6 46. Re8+ Kf7 47. Re7+ 1-0

[Event "ch-FRA Blitz Online Final"]
[Site "Europe-Chess INT"]
[Date "2020.05.17"]
[Round "2.3"]
[White "Baklan, Vladimir"]
[Black "Jobava, Baadur"]
[Result "0-1"]
[WhiteTitle "GM"]
[BlackTitle "GM"]
[WhiteElo "2587"]
[BlackElo "2603"]
[WhiteFideId "14102196"]
[BlackFideId "13601520"]
[EventDate "2020.05.17"]

1. e4 c6 2. d4 d5 3. e5 Bf5 4. Be2 e6 5. Nf3 Ne7 6. c3 Nd7 7. O-O h6 8. Na3 Bh7
9. Nc2 Ng6 10. g3 Be7 11. h4 Qc7 12. h5 Ngf8 13. Bf4 Nb6 14. a4 a5 15. b3 Nfd7
16. c4 O-O 17. Ne3 Qd8 18. Rc1 Rc8 19. Qd2 Bb4 20. Qa2 Be7 21. c5 Na8 22. Qd2 b6
23. cxb6 Bb4 24. Qb2 Naxb6 25. Ng4 c5 26. Bb5 c4 27. bxc4 dxc4 28. Qe2 Bd3 29.
Qe3 Nd5 30. Bxh6 Nxe3 31. Bxe3 Bf5 32. Bg5 Bxg4 33. Bxd8 Rfxd8 34. Nh2 Be2 0-1